| 000 | 00566nam a2200157 a 4500 | ||
|---|---|---|---|
| 001 | 000039542 | ||
| 005 | 20201002031709.0 | ||
| 008 | 130705s2000 pr 000 0 spa d | ||
| 020 | _a1881715647 | ||
| 040 |
_aDO-SdBNP _bspa _cBNPHU |
||
| 082 | _axxx | ||
| 100 | 1 |
_aUngerleider Kepler, David, _d1951- _965709 |
|
| 245 | 1 | 4 |
_aLas fiestas de Santiago Apóstol en Loíza : _bLa cultura afro-puertorriqueña ante los procesos de hibridación y globalización / _cDavid Ungerleider Kepler. |
| 260 |
_aSan Juan, Puerto Rico : _bIsla Negra, _c2000. |
||
| 300 |
_a90 p. ; _c22 cm. |
||
| 999 |
_c39032 _d39032 |
||